El Pensamiento ingenioso en Baltasar Gracián (Record no. 10329)

MARC details
000 -LEADER
campo de control de longitud fija 01001nam a2200289 i 4500
001 - NÚMERO DE CONTROL
campo de control 10329
003 - IDENTIFICADOR DE NÚMERO DE CONTROL
campo de control ES-MaACL
005 - FECHA Y HORA DE LA ÚLTIMA TRANSACCIÓN
campo de control 20250909203441.0
007 - CAMPO FIJO DE DESCRIPCIÓN FÍSICA--INFORMACIÓN GENERAL
campo de control de longitud fija t|
008 - DATOS DE LONGITUD FIJA--INFORMACIÓN GENERAL
campo de control de longitud fija 950508s1993 sp ||||1| spa d
020 ## - NÚMERO INTERNACIONAL ESTÁNDAR DEL LIBRO
Número Internacional Estándar del Libro 84-7658-393-1
080 ## - NÚMERO DE LA CLASIFICACIÓN DECIMAL UNIVERSAL
Número de la Clasificación Decimal Universal 1 Gracián, Baltasar
080 ## - NÚMERO DE LA CLASIFICACIÓN DECIMAL UNIVERSAL
Número de la Clasificación Decimal Universal 86(Gracián, B.1.06)
100 1# - ENTRADA PRINCIPAL--NOMBRE DE PERSONA
Nombre de persona Hidalgo-Serna, Emilio.
9 (RLIN) 63606
245 13 - MENCIÓN DEL TÍTULO
Título El Pensamiento ingenioso en Baltasar Gracián
Resto del título : el "concepto" y su función lógica /
Mención de responsabilidad, etc. Emilio Hidalgo-Serna ; [traducción del alemán : Manuel Canet].
250 ## - MENCION DE EDICION
Mención de edición [1a ed. en Ed. Anthropos].
260 ## - PUBLICACIÓN, DISTRIBUCIÓN, ETC.
Lugar de publicación, distribución, etc. Barcelona :
Nombre del editor, distribuidor, etc. Anthropos,
Fecha de publicación, distribución, etc. 1993.
300 ## - DESCRIPCIÓN FÍSICA
Extensión IX, 246 p. ;
Dimensiones 20 cm.
490 1# - MENCIÓN DE SERIE
Mención de serie Autores, textos y temas. Humanismo
500 ## - NOTA GENERAL
Nota general Indices.
504 ## - NOTA DE BIBLIOGRAFÍA, ETC.
Nota de bibliografía, etc. Bibliogr. p. 215-230.
600 14 - PUNTO DE ACCESO ADICIONAL DE MATERIA--NOMBRE DE PERSONA
Nombre de persona Gracián, Baltasar,
Fechas asociadas al nombre 1601-1658-
Subdivisión general Filosofía
9 (RLIN) 59480
700 1# - ENTRADA AGREGADA--NOMBRE PERSONAL
Nombre de persona Canet, Manuel.
9 (RLIN) 34488
830 0# - PUNTO DE ACCESO ADICIONAL DE SERIE-TÍTULO UNIFORME
Título uniforme Autores, textos y temas. Humanismo
9 (RLIN) 179685
852 ## - LOCALIZACIÓN
Ubicación ES-MaACL
Número de control de estantería L-17738
Sublocalización o colección R.123692
Holdings
Estatus retirado Estado de pérdida Estado de daño No para préstamo Biblioteca de origen Biblioteca actual Ubicación en estantería Fecha de adquisición Fuente de adquisición Total de préstamos Signatura topográfica completa Código de barras Visto por última vez Precio de reemplazo Tipo de ítem Koha
        Biblioteca del Ateneo de Madrid Biblioteca del Ateneo de Madrid Depósito 2 17/01/2008     L-17738 1010539 23/02/2023 23/02/2023 Libro impreso